000 00618nam a2200217Ia 4500
008 210210b2010 xxu||||| |||| 00| 0 eng d
020 _a9780415585668
041 _aeng
082 _a320.954 MAHR
100 _aMAHAJAN (Gurpreet)
245 _aReligion community and development: changing contours of politics and policy in India
260 _aLondon
_bRoutledge
_c2010
300 _axxii,336
650 _aReligionIndian Christians
650 _adevelopment
650 _acommunity
650 _aand
690 _aPolitical Situation & Condition
700 _aJODHKA (Surinder S) Eds.
906 _a068695
999 _c152867
_d152867